01142nab a22002057a 4500003000400000005001700004008004100021040000700062100002900069245007600098260007200174300001200246500007100258505032400329505008900653650001800742650004000760650001700800773011900817OSt20260121191319.0190502c xxu||||| |||| 00| 0 spa d cPJ aFabirs Erreca, Valentina10aAbuso sexual : btipo básico y agravantes /cValentina Fabirs Erreca. aCiudad Autónoma de Buenos Aires :bThomson Reuters La Ley,c2024. ap. 3-16 aValoración de la prueba en casos de abuso sexual infantil (ASI). aSumario: I. Abuso sexual simple (art. 119, primer párrafo, Cód. Penal).— II. Abuso sexual gravemente ultrajante (art. 119, segundo párrafo, Cód. Penal).— III. Abuso sexual con acceso carnal (art. 119, tercer párrafo, Cód. Penal).— IV. Valoración probatoria en casos de abuso sexual infantil (ASI).  t¿Te interesa el texto completo? Solicitalo al correo: koha@justierradelfuego.gov.ar 0aDERECHO PENAL 0aDELITOS CONTRA LA INTEGRIDAD SEXUAL 0aABUSO SEXUAL0 02729dBuenos Aires : LexisNexis, 2006-tRevista de derecho penal y procesal penal. Nº 7 - Julio 2024z9875920622